000 00635cam a22002052 4500
001 0000023807
005 20151217145944.0
008 130326s xx 000 0 eng d
020 _a0071315159 :
_cKES 980
040 _aKABU
_cKABU
100 1 _aForouzan, Behrouz A.
_@0000148478
245 1 0 _aComputer networks :
_ba top-down approach /
_cBehrouz A. Forouzan, Firouz Mosharraf.
250 _a1st ed.
260 _aNew York :
_bMcGraw-Hill,
_c2012.
300 _axxiii, 931 p.
650 0 _aComputer networks.
_@0000148214
852 1 _9p3,604 KES
908 _a130326
950 _@1
999 _c4440
_d4440